傾城一諾 . 大顯身手 . 4
| 資料類型: | 圖書 | 書目號: | 51754 |
Leader xxxxxxxxxx 001 __ 102498/9/01 005 __ 20171120175623.552 010 0_ |a4717702095673|b第4冊:平裝|d新臺幣280元 042 __ |anbic 100 __ |a20171120d2017 m y0chiy50 e 101 0_ |achi 102 __ |atw 105 __ |aa z 000yy 200 1_ |a傾城一諾|e|h4|i大顯身手|f鳳今著 205 __ |a 210 __ |a臺北市|c晴空出版|c家庭傳媒城邦分公司發行|d2017[民106] 215 0_ |a416面|c|d21公分 225 12 |a悅讀NOVEL|v 300 __ |a 517 1_ |a大顯身手|zchi 681 __ |a857.7|b856 v.4 700 _1 |a鳳今|b|4著 702 __ |a|b|4 801 _0 |atw|bLibDipper|c20171120|gCCR |